Quiz der alten Sachen - Statistiken

Allgemein
  • Dieses Quiz wurde 21 mal gespielt
  • Das Durchschnittsergebnis liegt bei 2 aus 11
Antwortstatistiken
Frage Antwort % Korrekt
Wo steht der älteste Olivenbaum der Welt? Griechenland
61%
In welcher Stadt liegt der älteste Weihnachtmarkt? Dresden
44%
Wo befindet sich der älteste Nationalpark der Welt? USA
39%
Wo liegt der älteste Zoo der Welt? Wien
22%
Wer war der älteste Präsident der USA Joe Biden
17%
Wer war der älteste Papst? Benedikt XVI
6%
Wo steht der älteste Baum der Welt? Schweden
6%
Wie alt wurde der älteste deutsche Mensch? 110 Jahre
0%
Wie alt war der älteste Japaner der Welt? 116 Jahre
0%
Wie alt war der älteste Hund der Welt? 25 Jahre
0%
Wie alt ist der älteste aktive Fußballer der Welt? 58 Jahre
0%
Keine übereinstimmenden Quizze gefunden
Verteilung der Resultate
Anzahl Personen mit jedem Resultat
Perzentil nach korrekt beantworteten Fragen
Ihre Resultats-Entwicklung
Sie haben dieses Quiz noch nicht gespielt